logo

Bir Sreshtho Munshi Abdur Rouf Library
Jhenaidah Cadet College

Animals without backbones : (Record no. 8064)

MARC details
000 -LEADER
fixed length control field 00709nam a22002532 4500
001 - CONTROL NUMBER
JCCL Control Number 8064
003 - CONTROL NUMBER IDENTIFIER
JCCL marc code BD-JhCC
005 - DATE AND TIME OF LATEST TRANSACTION
control field 20180418175619.0
008 - FIXED-LENGTH DATA ELEMENTS--GENERAL INFORMATION
fixed length control field 810622s1938 xx a 000 0 eng d
035 ## - SYSTEM CONTROL NUMBER
system control number (BD-JhCC)8064
040 ## - CATALOGING SOURCE
Original cataloging agency NLM
Transcribing agency NLM
Modifying agency WOO
-- CHS
-- EQO
041 ## - LANGUAGE CODE
Language code of Book eng
050 0# - LIBRARY OF CONGRESS CALL NUMBER
Classification number QL362
Item number .B93
060 0# - NATIONAL LIBRARY OF MEDICINE CALL NUMBER
Classification number QL 362
Item number B921a 1938
082 ## - DEWEY DECIMAL CLASSIFICATION NUMBER
Classification number 592
Author mark and Year BUC 1938
100 1# - MAIN ENTRY--PERSONAL NAME
Personal name Buchsbaum, Ralph,
Dates associated with a name 1907-2002.
245 10 - TITLE STATEMENT
Title Animals without backbones :
Remainder of title an introduction to the invertebrates.
Statement of responsibility, etc Ralph Buchsbaum,
260 ## - PUBLICATION, DISTRIBUTION, ETC. (IMPRINT)
Place of publication, distribution, etc Chicago :
Name of publisher, distributor, etc Univ. of Chicago Press,
Date of publication, distribution, etc [c1938]
300 ## - PHYSICAL DESCRIPTION
Pagination 405 p.
Other physical details ill.
Dimensions 23 cm.
650 #2 - SUBJECT ADDED ENTRY--TOPICAL TERM
Topical term or geographic name as entry element Invertebrates.
650 #0 - SUBJECT ADDED ENTRY--TOPICAL TERM
Topical term or geographic name as entry element Invertebrates.
942 ## - ADDED ENTRY ELEMENTS (KOHA)
Source of classification or shelving scheme Dewey Decimal Classification
Koha item type Books
Holdings
Source of classification or shelving scheme Damaged status Not for loan Home library Current library Shelving location Date of accession Total Checkouts Full call number Barcode Date last seen Copy number Koha item type
Dewey Decimal Classification     JCC Rouf Library JCC Rouf Library General Stacks 02/18/2018   592 BUC 1938 10535 02/18/2018 C-1 Books

JCC Library | Contacts | JCC Home

Last Update on 23 September 2017
Copyright @ 2017-2020 JCC Rouf Library
Rouf Library, Jhenidah Cadet College (JCC), Bangladesh